00405nam a2200133 a 4500008004100000020001800041050001500059100002300074245009000097260003600187300002100223350001000244650001700254150515s2008 ||||||||||||||||| || u a9781446270493 aHM 791 Sag aGreenwood, Royston14aThe sage handbook of organizational institutionalism.cBy Royston Greenwood, [et .al] aLondonbSAGE Publicationsc2008 axviii, 822.: ill a47.49 aORGANIZATION